Pays ayant plusieurs capitales - Statistiques

Statistiques générales
  • Ce quiz a été pris 150 fois
    103 depuis la dernière actualisation
  • Le résultat moyen est 11 sur 41
Statistiques - réponses
Capitales % Correct
Afrique du Sud
93%
Le Cap
84%
Pretoria
75%
Bolivie
71%
La Paz
63%
Sucre
63%
Bloemfontein
42%
Pays-Bas
41%
Amsterdam
36%
Israël
36%
La Haye
35%
Côte d'Ivoire
34%
Jérusalem
30%
Sri Lanka
28%
Bénin
27%
Colombo
26%
Tanzanie
26%
Abidjan
24%
Tel Aviv-Jaffa
24%
Yamoussoukro
23%
Porto-Novo
22%
Cotonou
21%
Dar es Salam
20%
Dodoma
17%
Sri Jayawardenapura Kotte
17%
Chili
15%
Malaisie
15%
Santiago
12%
Kuala Lumpur
10%
Eswatini
9%
République tchèque
9%
Monténégro
8%
Mbabane
7%
Brno
5%
Prague
5%
Valparaíso
5%
Abomey
4%
Podgorica
4%
Putrajaya
4%
Lobamba
3%
Cetinje
2%
Aucun quiz correspondant
Distribution des résultats
% des personnes avec chaque résultat
Percentile par nombre de réponses
Votre historique - résultats
Vous n’avez pas pris ce quiz depuis la dernière actualisation